| 000 | 01025nam a2200277 i 4500 | ||
|---|---|---|---|
| 001 | 185407 | ||
| 003 | SpMaBN | ||
| 005 | 20250627063704.0 | ||
| 008 | 160531s1983 sp aco |||| |dspa d | ||
| 020 | _a84-320-5692-8 | ||
| 080 | _a323.276(460)"1981" | ||
| 080 | _a94(460)"1981" | ||
| 100 | 1 |
_aSegura, Santiago, _d1918-1983 _9159709 |
|
| 245 | 1 | 0 |
_aJaque al Rey _b: los "enigmas" y las "incongruencias" del 23-F_ dos años después / _cSantiago Segura y Julio Merino ; prólogo de Milans del Bosch. |
| 250 | _a1ª ed. | ||
| 260 |
_aBarcelona : _bPlaneta, _c1983. |
||
| 300 |
_a248 p. : _bil., retr. ; _c24 cm. |
||
| 490 | 1 |
_aEspejo de España. _aLa historia viva ; _v92 |
|
| 500 | _aÍndices. | ||
| 651 | 7 |
_aEspaña- _xHistoria- _y1981, Golpe de Estado. _98339 |
|
| 700 | 1 |
_aMerino, Julio. _980525 |
|
| 700 | 1 |
_aMilans del Bosch, Jaime. _9159710 |
|
| 830 | 0 |
_aEspejo de España. _aLa historia viva _v92 _9225203 |
|
| 852 |
_aES-MaACL _jL-30297 _z. - Donat. Carmen Zumárraga |
||
| 999 |
_c185407 _d185407 |
||